00399nam a2200145Ia 4500082001400000100002100014245003200035260004400067300001000111504001900121650003500140650002700175650002700202650002400229 a301 BIR-; aBirnbaum, Norman 0aToward a critical sociology aNew YorkbOxford University Pressc1971 a451p. aIncludes index aSociology - Study and teaching aReligion and sociology aSociology - Philosophy aPolitical sociology